La nueva masculinidad : rey, guerrero, mago y amante /

En el marco de una crisis de la identidad masculina, los autores exploran los arquetipos tradicionalmente considerados constitutivos de las masculinidad madura, que son los de Rey, Guerrero, Mago y Amante; la finalidad es entender la psique masculina. Sostienen que la desacreditación de los ritos de...

詳細記述

保存先:
書誌詳細
第一著者: Moore, Robert (autor)
その他の著者: Gillette, Douglas (autor) (autor)
フォーマット: 図書
言語:スペイン語
出版事項: Barcelona, España : Paidós, 1993, c1993
シリーズ:(Paidós Contextos ; 9)
主題:
タグ: タグ追加
タグなし, このレコードへの初めてのタグを付けませんか!

MARC

LEADER 00000nam^a2200000^a^4500
001 000037795
005 20250521000000.0
009 20260310085441.197
020 |a 84-7509-844-4 
037 |a Acervo ITESO - Biblioteca 
041 |a ESP 
082 |a 305. 411  |b MOO 
100 |a Moore, Robert  |e (autor) 
245 1 3 |a La nueva masculinidad :  |b rey, guerrero, mago y amante /  |c R. Moore, D. Gillette ; tr. por Maricel Ford. 
264 4 |a Barcelona, España :  |b Paidós,  |c 1993, c1993 
300 |a 173 p. 
336 |a texto  |b txt  |2 rdacontenido 
337 |a sin mediación  |b n  |2 rdamedio 
338 |a volumen  |b nc  |2 rdasoporte 
440 1 |a (Paidós Contextos ;  |v 9) 
500 |a Traducción de: King, warrior, magician, lover: Rediscovering the archetypes of the nature masculine 
520 |a En el marco de una crisis de la identidad masculina, los autores exploran los arquetipos tradicionalmente considerados constitutivos de las masculinidad madura, que son los de Rey, Guerrero, Mago y Amante; la finalidad es entender la psique masculina. Sostienen que la desacreditación de los ritos de iniciación en las sociedades contemporáneas, ha generado en los hombres el dominio de la psicología del adolescente y que en ese sentido la existencia del patriarcadao con sus negativos, no es una expresión de la verdadera masculinidad, sino de la masculinidad inmadura. 
649 |a XX 
650 |a Hombres -  |x Condiciones Psicológicas -  |x Tema Principal 
650 |a Identidad de Género 
650 |a Roles de Género 
650 |a Sexualidad 
650 |a Relaciones de Pareja 
650 |a Género 
650 |a Sociología de la Cultura 
650 |a Psicología 
700 |a Gillette, Douglas  |e (autor) 
910 |a Fondo General 
920 |a Impresos - Libros 
930 |a Colección General 
905 |a 101 
901 |a 0377950100  |b IT1  |c ACC  |i 037795  |u 20250521 
902 |a https://opac.biblio.iteso.mx/vufind/Record/000037795